Droit de la responsabilité civile - Statistiques

Statistiques générales
  • Ce quiz a été pris 500 fois
  • Le résultat moyen est 6 sur 18
Statistiques - réponses
Questions Réponses % Correct
La théorie de l'acceptation des risques fonctionne-t-elle sur les préjudices physiques ? Non
84%
Les clauses pénales sont-elles interdites dans les contrats de consommation ? oui
84%
Il existe une obligation de moyen et une obligation de ... ? résultat
76%
Un VTAM même à l'arrêt peut-il être impliqué dans un accident de la circulation ? Oui
70%
Qui est sous les ordres du commettant ? Le préposé
65%
Qui est présumé être le gardien de la chose ? le propriétaire
55%
Qu'est ce qu'un VTAM ? véhicule terrestre à moteur
55%
En quelle année est promulguée la Loi Badinter ? 1985
54%
On peut parler de responsabilité in ... ? solidum
29%
Arrêt sur l'immunité du préposé datant de 2000 ? COSTEDOAT
19%
Quel arrêt pose le principe suivant en 1997, pas d’exonération possible si les parents n’ont pas commis de faute ? Bertrand
16%
De quoi parle l'article 1218 ? la force majeure
14%
En quelle année a eu lieu l'arrêt SAMDA ? 1997
11%
Que contrôle le gardien de la chose ? usage controle direction
8%
Quels articles régissent la responsabilité des produits défectueux ? 1245 et suivants
7%
De quoi parle l'arrêt La Cité de 1988 ? Abus de fonctions
1%
Quelles sont les conditions du préjudice pour qu'il soit indemnisable ? certain direct personnel et légitime
0%
Le commettant reste quand même responsable arrêt ... 2001 et ...... 2011 ? Cousin Boîte de nuit
0%
Aucun quiz correspondant
Distribution des résultats
% des personnes avec chaque résultat
Percentile par nombre de réponses
Votre historique - résultats
Vous n’avez pas pris ce quiz